Vanity fair
Saved in:
| Hovedforfatter: | |
|---|---|
| Format: | Bog |
| Sprog: | engelsk |
| Udgivet: |
Nueva York
The Modern Library
1950
|
| Serier: | Modern Library College Editions
|
| Fag: | |
| Tags: |
Tilføj Tag
Ingen Tags, Vær først til at tagge denne postø!
|
MARC
| LEADER | 00000nam a2200000 a 4500 | ||
|---|---|---|---|
| 001 | UCZ2887 | ||
| 003 | CL-VaPUC | ||
| 008 | 951013e19500000US |||||||||||||||||eng|d | ||
| 082 | 0 | 4 | |a 823 |b THA |2 21 |
| 100 | 0 | |a Thackeray, William Makepeace |e author |9 346668 | |
| 245 | 1 | 0 | |a Vanity fair |
| 300 | |a 730 p | ||
| 942 | |c BK | ||
| 945 | |d 19951013 00:00:00 |a awong | ||
| 260 | |a Nueva York |b The Modern Library |c 1950 | ||
| 650 | 0 | |a Novelas inglesas |9 265220 | |
| 583 | |a last modification |c 19951013 00:00:00 |k Rodrigo Vera | ||
| 490 | 0 | |a Modern Library College Editions | |
| 999 | |c 239431 |d 239429 | ||
| 952 | |0 0 |1 0 |4 0 |6 823_000000000000000_THA_1950 |7 0 |8 A |9 250548 |a BIBEDU |b BIBEDU |d 2019-11-18 |i 3137511 |o 823 THA 1950 |p 3137511 |r 2019-11-18 |w 2019-11-18 |y BK |k LIT | ||